<?xml version="1.0" encoding="UTF-8"?>
<record
    xmlns:xsi="http://www.w3.org/2001/XMLSchema-instance"
    xsi:schemaLocation="http://www.loc.gov/MARC21/slim http://www.loc.gov/standards/marcxml/schema/MARC21slim.xsd"
    xmlns="http://www.loc.gov/MARC21/slim">

  <leader>03353nam a22003137u 4500</leader>
  <controlfield tag="001">pwiiw7013</controlfield>
  <controlfield tag="003">OSt</controlfield>
  <controlfield tag="005">20260516120049.0</controlfield>
  <controlfield tag="008">241029t2024    au ||||| |||||||| ||ger d</controlfield>
  <datafield tag="040" ind1=" " ind2=" ">
    <subfield code="c">OSt</subfield>
  </datafield>
  <datafield tag="041" ind1=" " ind2=" ">
    <subfield code="a">ger</subfield>
  </datafield>
  <datafield tag="084" ind1=" " ind2=" ">
    <subfield code="a">O33</subfield>
    <subfield code="a">O5</subfield>
    <subfield code="2">jelc</subfield>
  </datafield>
  <datafield tag="100" ind1="1" ind2=" ">
    <subfield code="a">Stehrer, Robert</subfield>
    <subfield code="9">5</subfield>
  </datafield>
  <datafield tag="245" ind1="1" ind2="0">
    <subfield code="a">Neue Technologien und L&#xF6;hne: Erste Analysen basierend auf &#xF6;sterreichischen Mikrodaten</subfield>
  </datafield>
  <datafield tag="260" ind1=" " ind2=" ">
    <subfield code="a">Wien :</subfield>
    <subfield code="b">Wiener Institut f&#xFC;r Internationale Wirtschaftsvergleiche (wiiw),</subfield>
    <subfield code="c">2024.</subfield>
  </datafield>
  <datafield tag="300" ind1=" " ind2=" ">
    <subfield code="a">34 S., </subfield>
    <subfield code="b">12 Tables,</subfield>
    <subfield code="c">30cm.</subfield>
  </datafield>
  <datafield tag="490" ind1="1" ind2=" ">
    <subfield code="a">wiiw Research Reports in German Language</subfield>
    <subfield code="v">27</subfield>
  </datafield>
  <datafield tag="520" ind1=" " ind2=" ">
    <subfield code="a">Neue Technologien und L&#xF6;hne:Erste Analysen basierend auf &#xF6;sterreichischen Mikrodaten

This publication is available in German language only.

For a brief English summary see further below.

In diesem Bericht wird der Effekt der Verwendung neuer Technologien &#x2013; von Robotern, 3D-Druck, Big Data und anderer softwarebasierter Anwendungen &#x2013; auf L&#xF6;hne und Lohnstrukturen untersucht. Die Untersuchung beruht auf der IKTU-Erhebung und weiteren detaillierten Daten auf Firmen- und Personenebene. Als Methode werden Mincer-Regressionen in einer Querschnittsanalyse gesch&#xE4;tzt, in denen f&#xFC;r Personen- und Firmenmerkmale kontrolliert wird. F&#xFC;r Letztere wird insbesondere eine Variable verwendet, die anzeigt, ob die Firma neue Technologien (z. B. Roboter) verwendet oder nicht. Die Resultate zeigen, dass die Auswirkungen der neuen Technologien auf L&#xF6;hne durchaus differenziert betrachtet werden m&#xFC;ssen. Die Effekte sind jedoch in allen F&#xE4;llen gering bzw. insignifikant. Interessanterweise gibt es in so gut wie allen F&#xE4;llen &#x2013; mit Ausnahme der Verwendung von Chatservices &#x2013;- einen positiven Effekt auf die L&#xF6;hne der Frauen. &#xDC;ber die Bildungsgruppen hinweg zeigen sich leichte Polarisierungsmuster, wobei jedoch die Personen mit mittlerer Qualifikation im Durchschnitt eher positiv betroffen sind.

New technologies and wages: First analyses based on Austrian microdata

This report analyses the effect of the use of new technologies - robots, 3D printing, big data and other software-based applications - on wages and wage structures. The analysis is based on the ICT survey and other detailed data at company and individual level. Mincer regressions are estimated in a cross-sectional analysis in which personal and company characteristics are controlled for. For the latter, a variable indicating whether the firm uses new technologies (e.g. robots) or not is used. The results point towards a differentiated impact of the effects of new technologies on wages. Generally, the effects are small or insignificant in many cases. Interestingly, in almost all cases - except for the use of chat services - there is a positive effect on women's wages. There are slight polarisation patterns across the education groups. People with medium qualifications tend to be more positively affected on average.

Analyse der &#xF6;sterreichischen IKT-Landschaft:

https://ict-and-microdata.wiiw.io
</subfield>
  </datafield>
  <datafield tag="650" ind1=" " ind2=" ">
    <subfield code="a">IKT</subfield>
  </datafield>
  <datafield tag="650" ind1=" " ind2=" ">
    <subfield code="a">neue Technologien</subfield>
  </datafield>
  <datafield tag="650" ind1=" " ind2=" ">
    <subfield code="a">L&#xF6;hne</subfield>
  </datafield>
  <datafield tag="650" ind1=" " ind2=" ">
    <subfield code="a">Lohnstrukturen</subfield>
  </datafield>
  <datafield tag="650" ind1=" " ind2=" ">
    <subfield code="a">Mincer-Regressionen</subfield>
  </datafield>
  <datafield tag="651" ind1=" " ind2=" ">
    <subfield code="a">Austria</subfield>
  </datafield>
  <datafield tag="690" ind1=" " ind2=" ">
    <subfield code="a">Labour, Migration and Income Distribution</subfield>
  </datafield>
  <datafield tag="830" ind1=" " ind2="0">
    <subfield code="v">27</subfield>
    <subfield code="w">WIIW0000108</subfield>
    <subfield code="t">wiiw Research Reports in German Language</subfield>
  </datafield>
  <datafield tag="856" ind1="4" ind2="0">
    <subfield code="u">https://wiiw.ac.at/p-7013.html</subfield>
  </datafield>
  <datafield tag="942" ind1=" " ind2=" ">
    <subfield code="c">P</subfield>
  </datafield>
  <datafield tag="999" ind1=" " ind2=" ">
    <subfield code="c">9128</subfield>
    <subfield code="d">9128</subfield>
  </datafield>
  <datafield tag="952" ind1=" " ind2=" ">
    <subfield code="0">0</subfield>
    <subfield code="1">0</subfield>
    <subfield code="4">0</subfield>
    <subfield code="7">0</subfield>
    <subfield code="a">BIB</subfield>
    <subfield code="b">BIB</subfield>
    <subfield code="c">1</subfield>
    <subfield code="d">2024-10-29</subfield>
    <subfield code="i">pwiiw7013</subfield>
    <subfield code="l">0</subfield>
    <subfield code="p">1000010007013</subfield>
    <subfield code="r">2024-10-29 00:00:00</subfield>
    <subfield code="w">2025-04-07</subfield>
    <subfield code="y">P</subfield>
  </datafield>
</record>
